书目信息 |
| 题名: |
假装相爱
|
|
| 作者: | 刘彩云 著 | |
| 分册: | ||
| 出版信息: | 北京 现代出版社 2005.01 |
|
| 页数: | 235页 | |
| 开本: | 21cm | |
| 丛书名: | ||
| 单 册: | ||
| 中图分类: | I247.5 | |
| 科图分类: | ||
| 主题词: | 长篇小说--中国--当代 | |
| 电子资源: | ||
| ISBN: | 7-80188-496-5 | |
| 000 | 00595nam0 2200205 450 | |
| 001 | 1142657984 | |
| 005 | 20111228115320.57 | |
| 010 | @a7-80188-496-5@dCNY18.00 | |
| 100 | @a20111228d2005 km y0chiy0120 ea | |
| 101 | 0 | @achi |
| 102 | @aCN@b110000 | |
| 105 | @ay z 000yy | |
| 200 | 1 | @a假装相爱@Ajia zhuang xiang ai@f刘彩云著@Fliu cai yun zhu |
| 210 | @a北京@c现代出版社@d2005.01 | |
| 215 | @a235页@d21cm | |
| 606 | 0 | @a长篇小说@y中国@z当代 |
| 690 | @aI247.5@v4 | |
| 701 | 0 | @a刘彩云@Aliu cai yun@4著 |
| 801 | 0 | @aCN@b大连网信软件有限公司图书馆·11@c20111228 |
| 905 | @aZUCC@dI247.5@eL5903@f3 | |
| 假装相爱/刘彩云著.-北京:现代出版社,2005.01 |
| 235页;21cm |
| ISBN 7-80188-496-5:CNY18.00 |
| ● |
| 相关链接 |
|
|
|
正题名:假装相爱
索取号:I247.5/L5903
 
预约/预借
| 序号 | 登录号 | 条形码 | 馆藏地/架位号 | 状态 | 备注 |
| 1 | 1182639 | 211826390 | 文学库108/108文学库 33排1列5层/ [索取号:I247.5/L5903] | 在馆 | |
| 2 | 1182640 | 211826407 | 文学库108/108文学库 33排1列5层/ [索取号:I247.5/L5903] | 在馆 | |
| 3 | 1182641 | 211826416 | 文学库108/108文学库 33排1列5层/ [索取号:I247.5/L5903] | 在馆 |